| 000 | 00708nam a2200205Ia 4500 | ||
|---|---|---|---|
| 008 | 191130s2000##################000#0#eng## | ||
| 020 | _a9780486411798 | ||
| 022 | _a99058316 | ||
| 040 |
_aACL _cACL |
||
| 082 | _a512.9434 FRA | ||
| 100 | _aFranklin, Joel N | ||
| 245 |
_aMatrix theory _cJoel N. Franklin |
||
| 260 |
_aMineola, NY _bDover Publications _c2000 |
||
| 300 | _axii, 292 p. : ill. ; 22 cm | ||
| 500 | _aOriginally published: Englewood Cliffs, N.J. : Prentice-Hall, 1968, in series: Prentice-Hall series in applied mathematics. Includes bibliographical references and index | ||
| 650 | _aMatrices | ||
| 990 | _a666ad8c0ac10000c052f6a2a6d62af3c | ||
| 991 | _a180198 | ||
| 999 |
_c6187 _d6187 |
||